000 00847nam a2200181 4500
005 20260225094801.0
008 260225b |||||||| |||| 00| 0 eng d
020 _a9781394208272
037 _cTextual
040 _aRTL
_cRTL
084 _qRTL
100 _aTredinnick, Kyle
_91116589
245 _aHuman geography for dummies
260 _aNew Jersey
_bJohn Wiley & Sons, Inc..
_c2024
300 _ax, 388 p.
_bIncludes bibliographical reference and index
520 _aHuman Geography For Dummies introduces you to the ideas and perspectives encompassed by the field of human geography, and makes a great supplement to human geography courses in high school or college. So what is human geography? It’s not about drawing maps all over your body (although you’re welcome to do that if you want—no judgment).
942 _2CC
_n0
_cTEXL
999 _c1680198
_d1680198